| 000 | 00778nam a2200229Ia 4500 | ||
|---|---|---|---|
| 005 | 20260109113538.0 | ||
| 008 | 241129s9999||||xx |||||||||||||| ||und|| | ||
| 020 | _a9781032669403 | ||
| 037 | _cGeneral Book | ||
| 040 |
_aRTL _beng _cRTL |
||
| 041 |
_aeng _2eng |
||
| 084 |
_aY:3(W).29W R4 _qRTL |
||
| 245 | 0 | _aMarginality in India: perspectives of marginalisation from the Northeast | |
| 260 |
_aNew York _bRoutledge _c2024 |
||
| 300 |
_axxii,296 p. _bIncludes bibliographical references and index. |
||
| 365 |
_aINR _bRs.1595.00 |
||
| 650 |
_aSocial Aspects- Northeast India _9725504 |
||
| 700 |
_a Kikhi Kedilezo _e Editor _9863323 |
||
| 700 |
_a Gautam Dharma Rakshit _e Editor _9863324 |
||
| 942 |
_cGB _hY:3(W).29W R4 _2CC _n0 |
||
| 999 |
_c1225134 _d1225134 |
||